000 00583nam a2200193Ia 4500
003 GCL
008 140319s9999 xx 000 0 ara d
040 _aGCL /
_cGCL
082 0 4 _a618.92
_bم ق
100 1 _aمحمد رفعت
245 1 0 _aقاموس الطفل الطبى /
_cمحمد رفعت
260 _a[S.N] :
_bدار مكتبة الهلال للطباعة والنشر ،
_c1985
300 _a407 ص
650 0 4 _aصحة الطفل
650 0 4 _aالقواميس المتخصصة
650 0 4 _aالقواميس
650 0 4 _aطب الاطفال
942 _2ddc
_cREF
999 _c59734
_d59734